[Event "Ricany op"]
[Site "Ricany"]
[Date "2023.08.27"]
[Round "3"]
[White "Studzinski, David"]
[Black "Zemen, Pavel"]
[Result "0-1"]
[WhiteElo "1262"]
[BlackElo "1785"]
[PlyCount "74"]
[EventDate "2023.08.26"]
[EventType "swiss"]
[EventRounds "9"]
[EventCountry "CZE"]
[SourceTitle "CBM 216 Extra"]
[Source "ChessBase"]
[SourceDate "2023.11.30"]
[SourceVersion "1"]
[SourceVersionDate "2023.11.30"]
[SourceQuality "1"]

1. e4 e6 2. Nc3 d5 3. exd5 exd5 4. d4 c6 5. Nf3 Bd6 6. g3 Ne7 7. Bg2 0-0 8. 0-0 Nd7 9. Re1 h6 10. a3 Nf6 11. Ne5 Bf5 12. Ne2 Ng6 13. Nf4 Ne7 14. c3 Nd7 15. Nf3 Ng6 16. Nxg6 Bxg6 17. Nh4 Bh7 18. Nf3 Qc7 19. Be3 f5 20. Qc1 Rf6 21. Bf4 g5 22. Bxd6 Qxd6 23. Ne5 f4 24. Bh3 Bf5 25. Bxf5 Rxf5 26. g4 Rf6 27. f3 Re8 28. Nxd7 Qxd7 29. Qd2 Rfe6 30. Kf2 Re3 31. Qc2 Qe6 32. Qd2 Re7 33. Qd1 h5 34. h3 hxg4 35. hxg4 Rh7 36. Rh1 Re2+ 37. Kf1 Qe3 0-1

[Event "Mlada Boleslav Region-ch U20"]
[Site "Mlada Boleslav"]
[Date "2012.06.23"]
[Round "2"]
[White "Studzinski, David"]
[Black "Gabrielova, Marketa"]
[Result "0-1"]
[WhiteElo "1100"]
[BlackElo "1100"]
[PlyCount "106"]
[EventDate "2012.06.23"]
[EventType "swiss"]
[EventRounds "7"]
[EventCountry "CZE"]
[SourceTitle "EXT 2014"]
[Source "ChessBase"]
[SourceDate "2013.11.20"]
[SourceVersion "1"]
[SourceVersionDate "2013.11.20"]
[SourceQuality "1"]

1. e4 e5 2. f4 exf4 3. Nf3 Nc6 4. Bc4 Nf6 5. 0-0 Bc5+ 6. d4 Bb6 7. Nc3 Ba5 8. Bxf4 Bxc3 9. bxc3 Na5 10. Bd3 0-0 11. e5 Ng4 12. Ng5 Nh6 13. Nxh7 Re8 14. Qh5 Re6 15. Bxh6 Rxh6 16. Qf3 Rxh7 17. Qxf7+ Kh8 18. Bxh7 Kxh7 19. Rf3 Qh4 20. Rf4 Qh6 21. Rf5 Qg6 22. Raf1 Qxf7 23. Rxf7 d6 24. R1f4 Be6 25. Rh4+ Kg8 26. Rxc7 dxe5 27. Re7 Bf5 28. Rxe5 g5 29. Rh6 Rf8 30. Rxa5 a6 31. Rh5 Bxc2 32. Rhxg5+ Kh8 33. Rh5+ Kg8 34. Rag5+ Kf7 35. Rh6 Ke8 36. Rd5 Bd3 37. Re6+ Kf7 38. Rd7+ Kg8 39. Re8 Rxe8 40. Rxb7 Rf8 41. h4 a5 42. g4 Rf4 43. Rb8+ Kg7 44. Rb7+ Kg8 45. Rb8+ Kf7 46. Rb7+ Ke6 47. Rb6+ Kd5 48. Rb7 Rxg4+ 49. Kh2 Rxh4+ 50. Kg2 Re4 51. Rd7+ Kc6 52. Rh7 Re2+ 53. Kf3 Bxh7 0-1